[Event "Miedzynarodowe Szachowe Lato w Poznaniu "]
[Site "Wyzsza Szkola Umiejetnosci Spo"]
[Date "2012.??.??"]
[Round "1.1"]
[White "Malaniuk, Vladimir"]
[Black "Kupsik, Joanna"]
[Result "1/2-1/2"]
[WhiteElo "2508"]
[BlackElo "1683"]
[PlyCount "53"]
[EventDate "2012.??.??"]

1. d4 d5 2. c4 e6 3. Nf3 Nf6 4. Nc3 Be7 5. cxd5 Nxd5 6. e4 Nxc3 7. bxc3 O-O 8.
Bc4 Nd7 9. O-O Nf6 10. Qe2 b6 11. Bd3 Bb7 12. c4 c6 13. e5 Ne8 14. Re1 Qc7 15.
Be4 Rd8 16. Bb2 g6 17. a4 Ng7 18. Rac1 Qb8 19. c5 bxc5 20. Ba3 Qc7 21. Bxc5
Bxc5 22. Rxc5 Rc8 23. a5 Qe7 24. Rec1 Qd7 25. Qc4 Rfd8 26. a6 Ba8 27. Bxc6
1/2-1/2

[Event "Miedzynarodowe Szachowe Lato w Poznaniu "]
[Site "Wyzsza Szkola Umiejetnosci Spo"]
[Date "2012.??.14"]
[Round "1.2"]
[White "Opolski, Wojciech"]
[Black "Orzech, Dominik"]
[Result "0-1"]
[WhiteElo "1682"]
[BlackElo "2422"]
[PlyCount "56"]
[EventDate "2012.??.??"]

1. d4 Nf6 2. c4 c5 3. d5 b5 4. a4 bxc4 5. Nc3 g6 6. e4 d6 7. Bxc4 Bg7 8. f3 O-O
9. Nge2 Nbd7 10. O-O Ne5 11. Ba2 Ba6 12. Bb1 Rb8 13. Kh1 Nc4 14. Bd3 Nxb2 15.
Bxb2 Bxd3 16. Qxd3 Rxb2 17. Rab1 Rb4 18. Ng3 Qa5 19. Rxb4 cxb4 20. Qb5 Qc7 21.
Qxb4 Rb8 22. Qa3 Qc4 23. Nb5 Nh5 24. Rc1 Nxg3+ 25. hxg3 Qe2 26. Nc3 Qf2 27. Kh2
Rb2 28. Rg1 Be5 0-1

[Event "Miedzynarodowe Szachowe Lato w Poznaniu "]
[Site "Wyzsza Szkola Umiejetnosci Spo"]
[Date "2012.??.??"]
[Round "1.3"]
[White "Plichta, Kamil"]
[Black "Szczepaniak, Artur"]
[Result "1-0"]
[WhiteElo "2189"]
[BlackElo "1641"]
[PlyCount "25"]
[EventDate "2012.??.??"]

1. d4 f5 2. g4 fxg4 3. h3 g3 4. fxg3 Nf6 5. Bg2 d5 6. Nc3 Bf5 7. Nxd5 Nxd5 8.
e4 Bg6 9. exd5 c6 10. Nf3 Qxd5 11. O-O Qc4 12. Ne5 Qxc2 13. Qg4 1-0

[Event "Miedzynarodowe Szachowe Lato w Poznaniu "]
[Site "Wyzsza Szkola Umiejetnosci Spo"]
[Date "2012.??.??"]
[Round "1.4"]
[White "Adamczyk, Wieslaw"]
[Black "Meczynski, Waldemar"]
[Result "0-1"]
[WhiteElo "1605"]
[BlackElo "2153"]
[PlyCount "96"]
[EventDate "2012.??.??"]

1. e4 c5 2. Nf3 e6 3. d4 cxd4 4. Nxd4 Nf6 5. Bd3 Nc6 6. Nxc6 bxc6 7. Bg5 Be7 8.
Qe2 d5 9. exd5 cxd5 10. O-O h6 11. Bb5+ Bd7 12. Bxd7+ Qxd7 13. Bd2 Ne4 14. Nc3
Nxd2 15. Qxd2 Rb8 16. Rab1 Bf6 17. Rfd1 O-O 18. Ne4 Bxb2 19. c4 Be5 20. cxd5
exd5 21. Nc5 Bxh2+ 22. Kxh2 Qc7+ 23. g3 Qxc5 24. Rbc1 Qb6 25. Kg2 Rfd8 26. Qd4
Qxd4 27. Rxd4 Rd7 28. Rc5 Rbd8 29. Kf3 Kf8 30. Rc6 Rd6 31. Rc7 R8d7 32. Rc5 Ke7
33. Ke2 Ke6 34. Kd3 Rb6 35. Ke3 g5 36. g4 Rb2 37. Ra4 d4+ 38. Kd3 Rxf2 39. Rc6+
Ke5 40. Rxh6 Rf3+ 41. Ke2 Rg3 42. Ra5+ Ke4 43. Rh8 Rg2+ 44. Kf1 Rxg4 45. Re8+
Kf3 46. Rf5+ Kg3 47. Re2 Rf4+ 48. Rf2 Rxf2+ 0-1

[Event "Miedzynarodowe Szachowe Lato w Poznaniu "]
[Site "Wyzsza Szkola Umiejetnosci Spo"]
[Date "2012.??.??"]
[Round "1.5"]
[White "Bednarska-bzdega, Malgorzata"]
[Black "Wittig, Zenon"]
[Result "1-0"]
[WhiteElo "2138"]
[BlackElo "1590"]
[PlyCount "45"]
[EventDate "2012.??.??"]

1. e4 e5 2. Nf3 Nc6 3. Bb5 a6 4. Bxc6 dxc6 5. O-O Bg4 6. h3 h5 7. d3 Qf6 8. Be3
Ne7 9. Nbd2 Ng6 10. Re1 Nf4 11. hxg4 hxg4 12. Nh2 Qh4 13. Ndf1 Bd6 14. Qxg4
Qxg4 15. Nxg4 Rh4 16. f3 O-O-O 17. Ng3 g6 18. Kf2 f5 19. exf5 gxf5 20. Nxf5 Rh5
21. Nxd6+ cxd6 22. Bxf4 exf4 23. Re7 1-0

[Event "Miedzynarodowe Szachowe Lato w Poznaniu "]
[Site "Wyzsza Szkola Umiejetnosci Spo"]
[Date "2012.??.??"]
[Round "1.6"]
[White "Raczynski, Krzysztof"]
[Black "Zakrzewski, Marek"]
[Result "0-1"]
[WhiteElo "1588"]
[BlackElo "2112"]
[PlyCount "76"]
[EventDate "2012.??.??"]

1. e4 c5 2. Nf3 e6 3. d4 cxd4 4. Nxd4 Nc6 5. c4 Nf6 6. Nc3 Bb4 7. f3 O-O 8. Be3
d5 9. Nxc6 bxc6 10. e5 Nd7 11. f4 f6 12. cxd5 cxd5 13. exf6 Qxf6 14. Rc1 Bb7
15. Be2 Rac8 16. O-O a5 17. Bd4 Bc5 18. Bxc5 Rxc5 19. Qd2 Bc6 20. Bd3 Rb8 21.
Kh1 g6 22. Rc2 Rb4 23. Rf2 Qd4 24. Bf1 Nf6 25. Qxd4 Rxd4 26. Rcd2 Rb4 27. h3 d4
28. a3 dxc3 29. Rd8+ Kg7 30. axb4 c2 31. bxc5 c1=Q 32. Kg1 Ne4 33. Re2 Qxc5+
34. Kh2 Qc1 35. Kg1 Ng3 36. Rf2 Bb5 37. Rfd2 Qxf1+ 38. Kh2 Qxf4 0-1

[Event "Miedzynarodowe Szachowe Lato w Poznaniu "]
[Site "Wyzsza Szkola Umiejetnosci Spo"]
[Date "2012.??.??"]
[Round "1.7"]
[White "Choroszej, Aleksander"]
[Black "Nowak, Mikolaj"]
[Result "1-0"]
[WhiteElo "2085"]
[BlackElo "1572"]
[PlyCount "63"]
[EventDate "2012.??.??"]

1. d4 d5 2. c4 e6 3. Nc3 Nf6 4. Nf3 Be7 5. e3 O-O 6. Bd3 Nbd7 7. O-O c6 8. b3
b6 9. Bd2 Bb7 10. Ne5 c5 11. f4 Rc8 12. cxd5 Nxe5 13. dxe5 Nxd5 14. Nxd5 Qxd5
15. e4 Qd7 16. Qe2 Rcd8 17. Rad1 Qc6 18. f5 exf5 19. exf5 f6 20. e6 Rd6 21. Bb5
Qc7 22. Bc1 Rxd1 23. Rxd1 Rd8 24. Rd7 Rxd7 25. exd7 Qd6 26. Qh5 Qd4+ 27. Kf1
Bf8 28. Qe8 Qd1+ 29. Kf2 Qc2+ 30. Be2 Qxf5+ 31. Ke1 Bc6 32. Bc4+ 1-0

[Event "Miedzynarodowe Szachowe Lato w Poznaniu "]
[Site "Wyzsza Szkola Umiejetnosci Spo"]
[Date "2012.??.??"]
[Round "1.8"]
[White "Rydlewski, Marek"]
[Black "Bajerlein, Dawid"]
[Result "0-1"]
[WhiteElo "1570"]
[BlackElo "2048"]
[PlyCount "80"]
[EventDate "2012.??.??"]

1. e4 c6 2. d4 d5 3. e5 Bf5 4. Nc3 e6 5. g4 Bg6 6. Nge2 f6 7. Nf4 Bf7 8. h4 Nd7
9. exf6 gxf6 10. Qe2 e5 11. g5 Bd6 12. Nh5 Qa5 13. Ng7+ Kf8 14. Nf5 Bb4 15. Qf3
exd4 16. Nxd4 Re8+ 17. Be2 Re4 18. Nb3 Ne5 19. Nxa5 Nxf3+ 20. Kf1 Bxa5 21. Bxf3
Re8 22. Be3 Bxc3 23. bxc3 b6 24. Bd4 c5 25. Bxf6 Nxf6 26. gxf6 Rg8 27. Rg1
Rxg1+ 28. Kxg1 Re5 29. Rd1 Rf5 30. Kg2 Rxf3 31. Kxf3 Bh5+ 32. Kf4 Bxd1 33. Ke5
Bf3 34. Ke6 Be4 35. h5 Bxc2 36. Kxd5 Kf7 37. Kc6 Be4+ 38. Kc7 Kxf6 39. Kb8 a5
40. Ka7 b5 0-1

[Event "Miedzynarodowe Szachowe Lato w Poznaniu "]
[Site "Wyzsza Szkola Umiejetnosci Spo"]
[Date "2012.??.14"]
[Round "1.9"]
[White "Stachowiak, Slawomir"]
[Black "Zakrzewski, Bartosz"]
[Result "1-0"]
[WhiteElo "2026"]
[BlackElo "1545"]
[PlyCount "107"]
[EventDate "2012.??.??"]

1. e4 e6 2. d4 d5 3. Nc3 dxe4 4. Nxe4 Nd7 5. Nf3 Ngf6 6. Bd3 Be7 7. O-O O-O 8.
c3 b6 9. Nxf6+ Nxf6 10. Ne5 Bb7 11. f3 Rc8 12. Qe2 c5 13. dxc5 Bxc5+ 14. Kh1
Qc7 15. Bd2 Rfd8 16. Rad1 Rd5 17. f4 Rdd8 18. Bc1 Qb8 19. Ng4 Nxg4 20. Qxg4
Rxd3 21. Rxd3 Ba6 22. Rfd1 Bxd3 23. Rxd3 Rd8 24. Qd1 Rxd3 25. Qxd3 Qd6 26. Qxd6
Bxd6 27. Kg1 Kf8 28. Kf2 Ke7 29. Kf3 e5 30. fxe5 Bxe5 31. h3 Ke6 32. c4 Kd6 33.
b4 Kc6 34. Bd2 Bd4 35. Ke4 Bb2 36. b5+ Kc5 37. Kd3 Kd6 38. Bb4+ Kc7 39. Ke4 g6
40. Kd5 f5 41. Bd6+ Kb7 42. Bf4 Bf6 43. Ke6 Bh4 44. Be5 Bd8 45. Kf7 g5 46. Kg7
g4 47. hxg4 fxg4 48. Kxh7 Bc7 49. Bxc7 Kxc7 50. Kg6 Kd6 51. Kg5 Ke6 52. Kxg4
Kf6 53. Kf4 Kg6 54. Ke5 1-0

[Event "Miedzynarodowe Szachowe Lato w Poznaniu "]
[Site "Wyzsza Szkola Umiejetnosci Spo"]
[Date "2012.??.14"]
[Round "1.10"]
[White "Chojnacki, Wojciech"]
[Black "Dzwikowski, Adam"]
[Result "0-1"]
[WhiteElo "1545"]
[BlackElo "2008"]
[PlyCount "70"]
[EventDate "2012.??.??"]

1. e4 Nf6 2. Nc3 d5 3. exd5 Nxd5 4. d4 Nxc3 5. bxc3 e6 6. Bd3 Be7 7. Nf3 c5 8.
O-O O-O 9. Ba3 Nd7 10. Re1 Qa5 11. Bb2 Nb6 12. Nd2 Na4 13. Nb3 Nxb2 14. Nxa5
Nxd1 15. Raxd1 cxd4 16. Re4 Bf6 17. Re2 dxc3 18. Be4 Re8 19. Rde1 Rb8 20. Bd5
Rf8 21. Re3 Re8 22. h3 Bd8 23. Nc4 Be7 24. Na3 Bb4 25. Nc4 Bd7 26. Ne5 Bf8 27.
Bb3 Bb5 28. Bc4 Bxc4 29. Nxc4 Red8 30. R3e2 Rd4 31. Ne3 Ba3 32. Kf1 b5 33. Rd1
Ra4 34. Ra1 Rb4 35. Nd1 Rd4 0-1

[Event "Miedzynarodowe Szachowe Lato w Poznaniu "]
[Site "Wyzsza Szkola Umiejetnosci Spo"]
[Date "2012.??.14"]
[Round "1.11"]
[White "Kaluzny, Wlodzimierz"]
[Black "Okonek, Wojciech"]
[Result "1-0"]
[WhiteElo "2006"]
[BlackElo "1541"]
[PlyCount "65"]
[EventDate "2012.??.??"]

1. d4 d5 2. Nf3 Nf6 3. Bf4 Bf5 4. e3 e6 5. Bd3 Bxd3 6. Qxd3 c6 7. Nbd2 Bd6 8.
Ne5 Nh5 9. Bg3 Qc7 10. Nef3 Nxg3 11. hxg3 h6 12. e4 dxe4 13. Qxe4 Nd7 14. O-O
Nf6 15. Qe2 O-O-O 16. Nc4 Rdg8 17. Nfe5 Bxe5 18. dxe5 Ne8 19. Rad1 h5 20. Rd3
h4 21. g4 Qe7 22. Qe3 Kb8 23. Rfd1 Nc7 24. Nd6 Rd8 25. c4 Ne8 26. c5 Nxd6 27.
cxd6 Qf8 28. Ra3 a6 29. Qb6 Ka8 30. Rxa6+ bxa6 31. Qxa6+ Kb8 32. Qb6+ Kc8 33.
Qc7# 1-0

[Event "Miedzynarodowe Szachowe Lato w Poznaniu "]
[Site "Wyzsza Szkola Umiejetnosci Spo"]
[Date "2012.??.14"]
[Round "1.12"]
[White "Szymenderski, Michal"]
[Black "Andrzejewska, Anna"]
[Result "0-1"]
[WhiteElo "1540"]
[BlackElo "1980"]
[PlyCount "84"]
[EventDate "2012.??.??"]

1. c4 e6 2. d4 d5 3. c5 b6 4. cxb6 axb6 5. Nf3 Nf6 6. Bg5 Be7 7. g3 h6 8. Bxf6
Bxf6 9. Nc3 O-O 10. Bg2 Bb7 11. O-O c5 12. e3 Nc6 13. Re1 Rc8 14. h4 Re8 15. h5
Na5 16. Kh2 Nc4 17. Rb1 cxd4 18. exd4 Nxb2 19. Rxb2 Rxc3 20. Qd2 Rc6 21. Reb1
Ba6 22. a4 Qc7 23. Bf1 Bxf1 24. Rxf1 Ra8 25. Ra2 Rc3 26. Kg2 Qc4 27. Rd1 b5 28.
a5 b4 29. Ra4 Rxf3 30. Rxb4 Qc3 31. Qxc3 Rxc3 32. Ra4 Rc4 33. Ra2 Bxd4 34. Rb1
Rc6 35. Rb7 Bc3 36. Ra4 d4 37. Rb5 Rd6 38. Rc4 Rxa5 39. Rb7 Rxh5 40. Rcc7 Rf5
41. g4 Rf4 42. Kg3 g5 0-1

[Event "Miedzynarodowe Szachowe Lato w Poznaniu "]
[Site "Wyzsza Szkola Umiejetnosci Spo"]
[Date "2012.??.??"]
[Round "1.13"]
[White "Kozlowski, Tomasz"]
[Black "Wojciechowski, Antoni"]
[Result "1-0"]
[WhiteElo "1967"]
[BlackElo "1521"]
[PlyCount "75"]
[EventDate "2012.??.??"]

1. e4 c6 2. d4 d5 3. exd5 cxd5 4. c4 e6 5. Nf3 Nf6 6. a3 b6 7. cxd5 Nxd5 8.
Bb5+ Bd7 9. Bxd7+ Nxd7 10. O-O Bd6 11. Bg5 Qc7 12. Nbd2 O-O 13. Rc1 Qb7 14. Nc4
Bc7 15. Qc2 Rac8 16. Qe4 h6 17. Bd2 N7f6 18. Qh4 Rfd8 19. Nfe5 Ne7 20. Ng4 Nxg4
21. Qxg4 Nf5 22. Bc3 Bxh2+ 23. Kxh2 Rxc4 24. Rfd1 Qd5 25. Rd3 Qd7 26. b3 Qc7+
27. g3 Rcxd4 28. Bxd4 Qxc1 29. Bxg7 Qg5 30. Rxd8+ Kxg7 31. Qxg5+ hxg5 32. Ra8
Nd4 33. b4 Nc6 34. b5 Nd4 35. a4 Kf6 36. Rxa7 Nb3 37. a5 Nxa5 38. Rxa5 1-0

[Event "Miedzynarodowe Szachowe Lato w Poznaniu "]
[Site "Wyzsza Szkola Umiejetnosci Spo"]
[Date "2012.??.??"]
[Round "1.14"]
[White "Pawlowski, Rafal"]
[Black "Hemmerling, Jaroslaw"]
[Result "0-1"]
[WhiteElo "1507"]
[BlackElo "1964"]
[PlyCount "50"]
[EventDate "2012.??.??"]

1. e4 Nf6 2. Nc3 d5 3. exd5 Nxd5 4. Nf3 Bg4 5. Bc4 e6 6. h3 Bh5 7. Bxd5 exd5 8.
Qe2+ Qe7 9. Qxe7+ Bxe7 10. Nxd5 Bxf3 11. gxf3 Bd6 12. Rg1 Nc6 13. c3 Ne5 14.
Ke2 O-O-O 15. d4 Ng6 16. Kd1 c5 17. Bg5 Rd7 18. c4 cxd4 19. Rc1 f6 20. Bd2 Ne5
21. c5 Bb8 22. Nb4 Nxf3 23. Rg4 f5 24. Rg3 Nxd2 25. Kxd2 Bf4+ 0-1

[Event "Miedzynarodowe Szachowe Lato w Poznaniu "]
[Site "Wyzsza Szkola Umiejetnosci Spo"]
[Date "2012.??.14"]
[Round "1.15"]
[White "Gospodarczyk, Roman"]
[Black "Trzeciakiewicz, Michal"]
[Result "1-0"]
[WhiteElo "1951"]
[BlackElo "1498"]
[PlyCount "95"]
[EventDate "2012.??.??"]

1. e4 e5 2. Nf3 Nc6 3. Bc4 Bc5 4. d3 Nf6 5. O-O O-O 6. c3 d5 7. exd5 Nxd5 8. b4
Bb6 9. Qb3 Nf4 10. Bxf4 exf4 11. Nbd2 Qf6 12. a4 a5 13. b5 Ne5 14. Nxe5 Qxe5
15. Rae1 Qh5 16. d4 Qg6 17. Kh1 Bg4 18. Re2 h5 19. Rfe1 h4 20. h3 Bh5 21. f3
Rab8 22. Re4 Qg3 23. R1e2 Qg5 24. Re5 Qh6 25. Ne4 Kh8 26. Re7 f5 27. Re6 Bg6
28. Nd2 Rbe8 29. Rxe8 Rxe8 30. Rxe8+ Bxe8 31. Bf7 Bxf7 32. Qxf7 Qg5 33. Nc4 Qg3
34. Qf8+ Kh7 35. Nxb6 cxb6 36. d5 g5 37. Qe7+ Kg6 38. Qe6+ Kg7 39. Qe5+ Kg6 40.
Qe6+ Kh7 41. d6 g4 42. Qe5 Kg6 43. fxg4 Kh7 44. Qxf5+ Kh6 45. d7 f3 46. Qf6+
Kh7 47. Qf7+ Kh6 48. g5+ 1-0

[Event "Miedzynarodowe Szachowe Lato w Poznaniu "]
[Site "Wyzsza Szkola Umiejetnosci Spo"]
[Date "2012.??.??"]
[Round "1.16"]
[White "Gajewski, Wojciech"]
[Black "Rozumek, Krzysztof"]
[Result "0-1"]
[WhiteElo "1491"]
[BlackElo "1945"]
[PlyCount "69"]
[EventDate "2012.??.??"]

1. Nf3 d5 2. d4 e6 3. e3 c5 4. c3 Nc6 5. Bb5 Bd7 6. Nbd2 Qc7 7. Qe2 Nf6 8. Bxc6
Bxc6 9. Ne5 Bd6 10. f4 a6 11. a4 O-O 12. O-O Nd7 13. Ndf3 f6 14. Nxc6 bxc6 15.
e4 Rae8 16. e5 fxe5 17. fxe5 Be7 18. Bg5 Nb8 19. Be3 c4 20. Qc2 Nd7 21. Bg5 Qd8
22. h4 h6 23. Bxe7 Qxe7 24. g3 c5 25. Kg2 cxd4 26. cxd4 Rb8 27. Nd2 Rxf1 28.
Kxf1 Qb4 29. Rb1 Nb6 30. Ra1 a5 31. Ke2 Rc8 32. Qg6 Qe7 33. Ra3 Qf7 34. Qg4 Qd7
35. Qg6 0-1

[Event "Miedzynarodowe Szachowe Lato w Poznaniu "]
[Site "Wyzsza Szkola Umiejetnosci Spo"]
[Date "2012.??.??"]
[Round "1.17"]
[White "Glatty, Zbigniew"]
[Black "Choremski, Slawomir"]
[Result "1-0"]
[WhiteElo "1929"]
[BlackElo "1467"]
[PlyCount "57"]
[EventDate "2012.??.??"]

1. d4 e6 2. c4 d5 3. Nc3 Nf6 4. Bg5 Nbd7 5. e3 c6 6. Nf3 Be7 7. Qc2 Nh5 8. Bxe7
Qxe7 9. Bd3 dxc4 10. Bxc4 Nb6 11. Bd3 Nf6 12. O-O Nbd5 13. a3 h6 14. e4 Nf4 15.
Bc4 O-O 16. Rad1 Nd7 17. e5 Nb6 18. Ba2 Nbd5 19. Bb1 Ng6 20. Ne4 f5 21. exf6
Nxf6 22. Nxf6+ Rxf6 23. Ne5 Nxe5 24. Qh7+ Kf7 25. dxe5 Rf5 26. Bxf5 exf5 27.
Qh8 f4 28. Rd8 Qe6 29. Qg8+ 1-0

[Event "Miedzynarodowe Szachowe Lato w Poznaniu "]
[Site "Wyzsza Szkola Umiejetnosci Spo"]
[Date "2012.??.14"]
[Round "1.18"]
[White "Bladoszewski, Kamil"]
[Black "Kozlowska, Marzena"]
[Result "0-1"]
[WhiteElo "1416"]
[BlackElo "1920"]
[PlyCount "78"]
[EventDate "2012.??.??"]

1. e4 d5 2. exd5 Nf6 3. d4 Nxd5 4. c4 Nb6 5. Nf3 g6 6. Be2 Bg7 7. O-O O-O 8.
Nc3 Nc6 9. d5 Ne5 10. Nxe5 Bxe5 11. Bg5 Qd6 12. h3 Bf5 13. a3 Rfe8 14. Rc1 c6
15. b4 Qc7 16. c5 Nxd5 17. Nxd5 cxd5 18. Qxd5 Rad8 19. Qb3 Be6 20. Bc4 Bxc4 21.
Qxc4 Rd4 22. Qb5 Red8 23. c6 R8d5 24. Qxb7 Bh2+ 25. Kh1 Rxg5 26. Rfd1 Rdd5 27.
Rxd5 Rxd5 28. g3 Bxg3 29. fxg3 Qxg3 30. Qc8+ Kg7 31. Qg4 Qxa3 32. Rc5 Qa1+ 33.
Kg2 Rd2+ 34. Kf3 Qd1+ 35. Ke3 Qe1+ 36. Kf3 Rf2+ 37. Kg3 Rf1+ 38. Kh2 Rh1+ 39.
Kg2 Rg1+ 0-1

[Event "Miedzynarodowe Szachowe Lato w Poznaniu "]
[Site "Wyzsza Szkola Umiejetnosci Spo"]
[Date "2012.??.??"]
[Round "1.19"]
[White "Niekras, Dawid"]
[Black "Choremska, Zuzanna"]
[Result "1-0"]
[WhiteElo "1912"]
[BlackElo "1384"]
[PlyCount "93"]
[EventDate "2012.??.??"]

1. e4 e5 2. Nf3 Nc6 3. Bb5 a6 4. Ba4 Nf6 5. O-O Be7 6. Re1 b5 7. Bb3 O-O 8. c3
d6 9. h3 Na5 10. Bc2 c5 11. d4 Qc7 12. Nbd2 Bb7 13. d5 Rac8 14. b3 Ba8 15. Nf1
b4 16. cxb4 cxb4 17. Bd3 Bb7 18. Qe2 Ra8 19. Bd2 Qb6 20. Be3 Qd8 21. g4 Nd7 22.
Rec1 f6 23. Qd2 Nc5 24. Bc2 Qb6 25. Ng3 Rac8 26. Kg2 Ba8 27. a3 Rb8 28. axb4
Qxb4 29. Qxb4 Rxb4 30. Bd2 Rb5 31. Bxa5 Nxb3 32. Bxb3 Rxb3 33. Nf5 Bd8 34. Bxd8
Rxd8 35. Rc7 Rb7 36. Rac1 a5 37. Rxb7 Bxb7 38. Rc7 Ba6 39. Rxg7+ Kh8 40. Ra7
Bd3 41. Nd2 a4 42. Rxa4 Kg8 43. Ra7 Bb5 44. Nh6+ Kf8 45. Rxh7 Rd7 46. Rxd7 Bxd7
47. Nc4 1-0

[Event "Miedzynarodowe Szachowe Lato w Poznaniu "]
[Site "Wyzsza Szkola Umiejetnosci Spo"]
[Date "2012.??.??"]
[Round "1.20"]
[White "Piasecki, Andrzej"]
[Black "Chojnacki, Tomasz"]
[Result "0-1"]
[WhiteElo "1322"]
[BlackElo "1889"]
[PlyCount "88"]
[EventDate "2012.??.??"]

1. g4 d5 2. Bg2 Bxg4 3. c4 Nf6 4. Qb3 Nbd7 5. cxd5 Nb6 6. Nc3 Rc8 7. e4 c6 8.
f3 Bh5 9. Bh3 Rc7 10. dxc6 Rxc6 11. Bf1 a6 12. d3 e6 13. Be3 Qd6 14. Be2 Qb4
15. Bxb6 Qxb3 16. axb3 Rxb6 17. Bd1 Bb4 18. Nh3 O-O 19. Nf4 e5 20. Ng2 Rd8 21.
Ke2 Rc6 22. Rc1 Rdc8 23. Kd2 b5 24. Ne3 Kf8 25. Rg1 Bc5 26. Rg5 b4 27. Nc4
bxc3+ 28. Kxc3 Be3 29. Rxh5 Nxh5 30. Ra1 Nf4 31. b4 Rd8 32. Bc2 Ne2+ 33. Kb3
Nd4+ 34. Kc3 Nxf3 35. Ra5 Bd2+ 36. Kb3 Nd4+ 37. Ka4 Nxc2 38. Nxd2 Rxd3 39. Nb3
Rb6 40. b5 axb5+ 41. Rxb5 Rxb5 42. Kxb5 Rxb3+ 43. Kc4 Nd4 44. Kd5 f6 0-1

[Event "Miedzynarodowe Szachowe Lato w Poznaniu "]
[Site "Wyzsza Szkola Umiejetnosci Spo"]
[Date "2012.??.??"]
[Round "1.21"]
[White "Leszczynski, Hubert"]
[Black "Stoklosa, Stanislaw"]
[Result "1-0"]
[WhiteElo "1846"]
[BlackElo "1318"]
[PlyCount "35"]
[EventDate "2012.??.??"]

1. e4 e6 2. d4 d5 3. Nc3 c5 4. exd5 exd5 5. Nf3 Nf6 6. Bb5+ Bd7 7. O-O Be7 8.
dxc5 Bxc5 9. Re1+ Be7 10. Qe2 Nc6 11. Bxc6 bxc6 12. Bg5 O-O 13. Qxe7 Qxe7 14.
Rxe7 Bf5 15. Bxf6 gxf6 16. Nd4 Bg6 17. Nxc6 Bxc2 18. Nxd5 1-0